Secrets of success full speakers : how you can Motirate captivate & persuade

Bibliographic Details
Main Author: Walters, Lily
Format: Book
Published: New York : McGraw-Hill , 1993
Subjects:

MARC

LEADER 00000cam a2200000 7i4500
001 0000004369
002 000004695
005 20000330.0
020 |a 0070680337 
090 0 0 |a 808.51   |b WAL 
100 1 |a Walters, Lily 
245 1 0 |a Secrets of success full speakers :   |b how you can Motirate captivate & persuade   |c Lily Walters 
260 |a New York :   |b McGraw-Hill ,   |c 1993 
300 |a 216p. ;   |c 25cm. 
650 0 0 |a Public speaking 
999 |a 032947   |b BUKU   |c PINJAMAN   |e PERPUSTAKAAN KOMUNITI PETALING JAYA